[Event "15th Vidmar Memorial"]
[Site "Terme Zrece SLO"]
[Date "2003.08.18"]
[Round "1"]
[White "Lenic, Luka"]
[Black "Sedlak, Nikola"]
[Result "1-0"]
[WhiteElo "2386"]
[BlackElo "2528"]
[EventDate "2003.08.17"]
[PlyCount "77"]

1.e4 c5 2.Nf3 d6 3.d4 cxd4 4.Nxd4 Nf6 5.Nc3 a6 6.Bc4 e6 7.Bb3 b5 8.O-O Be7
9.Qf3 Qc7 10.Qg3 O-O 11.Bh6 Ne8 12.Rad1 Bd7 13.a3 Nc6 14.Nxc6 Bxc6 15.Rfe1
a5 16.Bg5 Bxg5 17.Qxg5 Qb7 18.Rd4 Nf6 19.Qe3 Rfd8 20.Red1 Qc7 21.Qd3 a4 
22.Ba2 e5 23.Rxd6 Rxd6 24.Qxd6 Qxd6 25.Rxd6 Bxe4 26.Rxf6 gxf6 27.Nxe4 f5 
28.Nf6+ Kg7 29.Nd5 b4 30.Nxb4 Rd8 31.Bd5 e4 32.f4 exf3 33.gxf3 Kf6 34.Kf2 
f4 35.c4 Rc8 36.Nd3 Ke7 37.c5 f5 38.Bb7 Rd8 39.c6 1-0

[Event "15th Vidmar Memorial"]
[Site "Terme Zrece SLO"]
[Date "2003.08.19"]
[Round "2"]
[White "Sedlak, Nikola"]
[Black "Pavasovic, Dusko"]
[Result "1-0"]
[WhiteElo "2528"]
[BlackElo "2596"]
[EventDate "2003.08.17"]
[PlyCount "79"]

1.e4 e5 2.Nf3 Nc6 3.Bb5 a6 4.Ba4 Nf6 5.O-O Be7 6.Re1 b5 7.Bb3 O-O 8.d4 d6 
9.c3 Bg4 10.Be3 exd4 11.cxd4 Na5 12.Bc2 c5 13.h3 cxd4 14.Bxd4 Bh5 15.g4 
Bg6 16.Nc3 Rc8 17.Rc1 Nc4 18.Nd5 Nxd5 19.exd5 Bf6 20.Bxg6 fxg6 21.b3 Bxd4 
22.Nxd4 Ne5 23.Rxc8 Qxc8 24.Re3 Qb7 25.Ne6 Rc8 26.Qd4 Rc1+ 27.Kg2 Rc2 28.
Kg3 Qf7 29.Rc3 Rxc3+ 30.Qxc3 Qb7 31.Qd4 Qf7 32.f4 Nd7 33.Qa7 Nf8 34.Qxf7+ 
Kxf7 35.Nc7 Nd7 36.Nxa6 Nf6 37.Nb4 Ke7 38.Kf3 Kd7 39.g5 Ng8 40.Nc6 1-0

[Event "15th Vidmar Memorial"]
[Site "Terme Zrece SLO"]
[Date "2003.08.20"]
[Round "3"]
[White "Lenic, Luka"]
[Black "Sermek, Drazen"]
[Result "0-1"]
[WhiteElo "2386"]
[BlackElo "2577"]
[EventDate "2003.08.17"]
[PlyCount "116"]

1.e4 d5 2.exd5 Qxd5 3.Nf3 Nf6 4.d4 Bg4 5.Be2 e6 6.h3 Bh5 7.O-O Be7 8.c4 
Qd8 9.Qb3 Qc8 10.Be3 Nbd7 11.Nc3 O-O 12.Rfd1 Re8 13.Rac1 h6 14.a3 Bg6 15.
Bf4 c6 16.Ne5 Nxe5 17.Bxe5 Nd7 18.Bf4 Bg5 19.Bxg5 hxg5 20.Bd3 Bxd3 21.Rxd3
e5 22.Qd1 exd4 23.Rxd4 Nf6 24.Qd2 Qf5 25.Re1 Rxe1+ 26.Qxe1 Re8 27.Qd1 Kh7 
28.Qd3 Re1+ 29.Kh2 g6 30.Qxf5 gxf5 31.g3 Rc1 32.Rd2 Kg7 33.Kg2 Ne4 34.Nxe4
fxe4 35.Rd4 Rc2 36.Rxe4 Rxb2 37.Re7 Kf6 38.Rc7 a5 39.Kf3 a4 40.h4 gxh4 41.
gxh4 Rb3+ 42.Kf4 Rc3 43.Rxb7 Rxc4+ 44.Ke3 Rc3+ 45.Kd4 Rxa3 46.Rb6 Rf3 47.
Rxc6+ Kf5 48.Ra6 Kg4 49.Ke5 Rf5+ 50.Ke4 Rxf2 51.h5 f5+ 52.Ke3 Ra2 53.Rg6+ 
Kxh5 54.Rg8 a3 55.Kf4 Rf2+ 56.Ke3 Rf1 57.Ra8 Ra1 58.Kf2 Kg4 0-1

[Event "15th Vidmar Memorial"]
[Site "Terme Zrece SLO"]
[Date "2003.08.20"]
[Round "3"]
[White "Sutovsky, Emil"]
[Black "Sedlak, Nikola"]
[Result "1-0"]
[WhiteElo "2639"]
[BlackElo "2528"]
[EventDate "2003.08.17"]
[PlyCount "101"]

1.e4 c5 2.Nf3 d6 3.d4 cxd4 4.Nxd4 Nf6 5.Nc3 Bd7 6.f3 e5 7.Nb3 Bc6 8.Be3 
Be7 9.Qd2 O-O 10.O-O-O a5 11.Kb1 a4 12.Nc1 a3 13.b4 Bd7 14.g4 Be6 15.g5 
Nh5 16.Nb5 Qc8 17.Nb3 Nc6 18.Bb6 Ra6 19.Nxd6 Bxd6 20.Bxa6 Bxb3 21.axb3 a2+
22.Kb2 Bxb4 23.c3 Qa8 24.cxb4 Qxa6 25.Bc5 Ra8 26.Ka1 Nf4 27.Qc3 Ne6 28.Rd7
Qa3 29.Qc4 Kh8 30.Rhd1 Ned4 31.Bxd4 Nxd4 32.R7xd4 exd4 33.Qxd4 Rg8 34.Qc3 
Qa6 35.Qc7 Qe2 36.Rd8 Qf1+ 37.Kxa2 Qe2+ 38.Ka3 Qa6+ 39.Kb2 Qe2+ 40.Kc1 
Qf1+ 41.Kc2 Qf2+ 42.Rd2 Qxf3 43.Qxb7 Qf4 44.Qd5 Qf1 45.b5 h6 46.Qc4 Qh3 
47.b6 hxg5 48.b7 Qg4 49.Qd5 Qf4 50.e5 Kh7 51.Qd6 1-0

[Event "15th Vidmar Memorial"]
[Site "Terme Zrece SLO"]
[Date "2003.08.21"]
[Round "4"]
[White "Halkias, Stelios"]
[Black "Borisek, Jure"]
[Result "1/2-1/2"]
[WhiteElo "2560"]
[BlackElo "2443"]
[EventDate "2003.08.17"]
[PlyCount "76"]

1.d4 Nf6 2.c4 g6 3.Nc3 d5 4.Nf3 Bg7 5.Bf4 O-O 6.Rc1 dxc4 7.e3 Be6 8.Ng5 
Bd5 9.e4 h6 10.exd5 hxg5 11.Bxg5 Nxd5 12.Bxc4 Nb6 13.Bb3 Nc6 14.d5 Nd4 15.
O-O Qd7 16.Re1 Rfe8 17.Be3 Nxb3 18.Qxb3 Bxc3 19.bxc3 Qxd5 20.c4 Qc6 21.Bd4
Rad8 22.Ba1 f6 23.Rc3 Kg7 24.Qc2 e5 25.h4 e4 26.h5 Rd3 27.Qe2 Qe6 28.hxg6 
Rxc3 29.Bxc3 Nxc4 30.Rc1 e3 31.f4 Nb6 32.Qh5 Rh8 33.Bxf6+ Qxf6 34.Rxc7+ 
Kg8 35.Qd1 Rh1+ 36.Kxh1 Qh4+ 37.Kg1 Qf2+ 38.Kh1 Qh4+ 1/2-1/2

[Event "15th Vidmar Memorial"]
[Site "Terme Zrece SLO"]
[Date "2003.08.21"]
[Round "4"]
[White "Lenic, Luka"]
[Black "Pavasovic, Dusko"]
[Result "1-0"]
[WhiteElo "2386"]
[BlackElo "2596"]
[EventDate "2003.08.17"]
[PlyCount "133"]

1.d4 d5 2.Nf3 Nf6 3.c4 e6 4.g3 c6 5.Nbd2 c5 6.Bg2 Nc6 7.cxd5 exd5 8.dxc5 
Bxc5 9.Nb3 Bb6 10.Nfd4 O-O 11.O-O Re8 12.Bg5 h6 13.Bxf6 Qxf6 14.e3 Be6 15.
a4 a5 16.Rc1 Rec8 17.Qd3 Bd7 18.Nb5 Nb4 19.Qe2 Bf5 20.N3d4 Bd3 21.Rxc8+ 
Rxc8 22.Qg4 Rc4 23.Rd1 Bc2 24.Ra1 Bxa4 25.Rxa4 Nd3 26.Qe2 Rxa4 27.Qxd3 
Ra1+ 28.Bf1 Bxd4 29.Nxd4 Qb6 30.b3 Qc5 31.Kg2 Qe7 32.Be2 Qe4+ 33.Qxe4 dxe4
34.Bc4 Kf8 35.Bd5 b6 36.Bxe4 Ke7 37.Bc6 Kd6 38.Be8 Ke7 39.Bb5 Kd6 40.Bc4 
f6 41.h4 Kc5 42.Be2 Rb1 43.Bd3 Rb2 44.Bf5 Kb4 45.Be6 Rb1 46.Kf3 Rc1 47.Bd7
Rc5 48.Ke4 Rc7 49.Ba4 Rc5 50.g4 h5 51.f3 hxg4 52.fxg4 Kc3 53.Nb5+ Kd2 54.
Kf4 Kd3 55.Nd4 Re5 56.Bb5+ Kc3 57.g5 Rc5 58.Be8 fxg5+ 59.hxg5 Rc8 60.Bf7 
Kb4 61.g6 b5 62.Nf5 a4 63.bxa4 bxa4 64.Nxg7 a3 65.Nf5 Rc1 66.g7 Rf1+ 67.
Ke4 1-0

[Event "15th Vidmar Memorial"]
[Site "Terme Zrece SLO"]
[Date "2003.08.22"]
[Round "5"]
[White "Borisek, Jure"]
[Black "Sedlak, Nikola"]
[Result "0-1"]
[WhiteElo "2443"]
[BlackElo "2528"]
[EventDate "2003.08.17"]
[PlyCount "106"]

1.e4 c5 2.Nf3 d6 3.d4 cxd4 4.Nxd4 Nf6 5.Nc3 Bd7 6.f3 e5 7.Nb3 Bc6 8.Be3 
Be7 9.Qd2 a5 10.O-O-O a4 11.Na1 O-O 12.g4 Na6 13.g5 Nh5 14.Rg1 a3 15.b3 
Nb4 16.Kb1 Qa5 17.Bh3 Nf4 18.Bxf4 exf4 19.Nd5 Bxd5 20.exd5 Qc5 21.c3 Na6 
22.Nc2 Nc7 23.Qd4 Nb5 24.Qxc5 dxc5 25.Rd3 Bd6 26.Re1 Nc7 27.c4 g6 28.Bd7 
Kg7 29.Rd2 Rh8 30.Rf2 h6 31.gxh6+ Rxh6 32.Kc1 Rh5 33.Kd2 Rd8 34.Ba4 b5 35.
Bxb5 Nxb5 36.cxb5 Rxd5+ 37.Kc1 Be7 38.Rfe2 Bh4 39.Rf1 c4 40.bxc4 Rd3 41.
Nb4 Re3 42.Rc2 Bf6 43.Nd5 Bb2+ 44.Kd2 Re5 45.Rxb2 axb2 46.Kc3 Rc8 47.Kd4 
Re2 48.Kd3 Rf2 49.Rb1 Rxf3+ 50.Kd4 Rf2 51.Kd3 Ra8 52.b6 Rxa2 53.b7 Ra3+ 
0-1

[Event "15th Vidmar Memorial"]
[Site "Terme Zrece SLO"]
[Date "2003.08.22"]
[Round "5"]
[White "Mitkov, Nikola"]
[Black "Halkias, Stelios"]
[Result "0-1"]
[WhiteElo "2552"]
[BlackElo "2560"]
[EventDate "2003.08.17"]
[PlyCount "130"]

1.e4 e6 2.d4 d5 3.Nc3 Bb4 4.exd5 exd5 5.Bd3 Nc6 6.a3 Bxc3+ 7.bxc3 Nge7 8.
Qh5 Be6 9.Nf3 Qd7 10.Ng5 O-O-O 11.Nxe6 Qxe6+ 12.Be3 g6 13.Qf3 f5 14.O-O 
Qf6 15.Rfe1 g5 16.Rab1 h5 17.Bd2 f4 18.Qe2 Rh6 19.Bb5 Nf5 20.Qd3 Nfe7 21.
Ba4 a6 22.Re2 Qf7 23.Rbe1 Kb8 24.Bb3 Nf5 25.Ba4 Ka7 26.Bc1 Rf6 27.Kh1 Rg8 
28.Bb3 Rd8 29.Ba4 Rdd6 30.Bb3 Rde6 31.Rxe6 Rxe6 32.Rxe6 Qxe6 33.Bd2 Nd6 
34.Kg1 Na5 35.Kf1 Nac4 36.Bc1 Kb6 37.h4 gxh4 38.Bxf4 c6 39.Qe2 Qf6 40.Be5 
Qg6 41.Bxd6 Nxd6 42.c4 dxc4 43.Bxc4 Qg5 44.Bd3 Qc1+ 45.Qe1 Qxa3 46.Kg1 a5 
47.f4 a4 48.Kh2 Qb2 49.Qe5 Qb4 50.c4 Nxc4 51.Bxc4 Qxc4 52.Qd6 Qc3 53.Qd8+ 
Kb5 54.Qd7 a3 55.Qxb7+ Ka4 56.d5 a2 57.Qa6+ Kb3 58.Qb6+ Ka3 59.Qa7+ Kb3 
60.Qb6+ Kc2 61.Qf2+ Qd2 62.Qc5+ Kd1 63.Qg1+ Ke2 64.dxc6 Qxf4+ 65.Kh1 Qf1 
0-1

[Event "15th Vidmar Memorial"]
[Site "Terme Zrece SLO"]
[Date "2003.08.22"]
[Round "5"]
[White "Pavasovic, Dusko"]
[Black "Sermek, Drazen"]
[Result "1/2-1/2"]
[WhiteElo "2596"]
[BlackElo "2577"]
[EventDate "2003.08.17"]
[PlyCount "35"]

1.e4 e5 2.Nf3 Nc6 3.d4 exd4 4.Nxd4 Nf6 5.Nxc6 bxc6 6.e5 Qe7 7.Qe2 Nd5 8.c4
Ba6 9.b3 Nb6 10.Bb2 d5 11.exd6 Qxe2+ 12.Bxe2 cxd6 13.Nc3 O-O-O 14.O-O-O 
Be7 15.Rhe1 f5 16.Bf3 Bg5+ 17.Kc2 Kc7 18.Ne2 1/2-1/2

[Event "15th Vidmar Memorial"]
[Site "Terme Zrece SLO"]
[Date "2003.08.23"]
[Round "6"]
[White "Mihaljcisin, Adrijan"]
[Black "Borisek, Jure"]
[Result "1-0"]
[WhiteElo "2518"]
[BlackElo "2443"]
[EventDate "2003.08.17"]
[PlyCount "91"]

1.Nf3 Nf6 2.c4 c5 3.d4 cxd4 4.Nxd4 Nc6 5.g3 d6 6.Bg2 Bd7 7.O-O g6 8.b3 Bg7
9.Bb2 O-O 10.e3 a6 11.Nc3 Qa5 12.Qe2 Rfc8 13.Rfd1 Rab8 14.a3 Qb6 15.Na4 
Qd8 16.Nxc6 Bxc6 17.Bxc6 bxc6 18.b4 a5 19.Bc3 axb4 20.axb4 Qc7 21.e4 Ne8 
22.Rdb1 Rb7 23.Qe3 Rcb8 24.Ra3 Bxc3 25.Qxc3 Ng7 26.b5 e5 27.b6 Qe7 28.c5 
Ne6 29.Kg2 Nd4 30.cxd6 Qxd6 31.Ra2 Ra8 32.Qc4 Kg7 33.Nc3 Rxa2 34.Qxa2 Qf6 
35.Qa8 Qf3+ 36.Kg1 Qxc3 37.Qxb7 Qd3 38.Ra1 Ne2+ 39.Kg2 Qxe4+ 40.f3 Qc2 41.
Kh1 e4 42.Qe7 Qb2 43.Rf1 Qb5 44.Kg2 Nd4 45.fxe4 Kh6 46.Qh4+ 1-0

[Event "15th Vidmar Memorial"]
[Site "Terme Zrece SLO"]
[Date "2003.08.23"]
[Round "6"]
[White "Sedlak, Nikola"]
[Black "Mitkov, Nikola"]
[Result "1/2-1/2"]
[WhiteElo "2528"]
[BlackElo "2552"]
[EventDate "2003.08.17"]
[PlyCount "35"]

1.e4 d6 2.d4 Nf6 3.Nc3 e5 4.Nf3 Nbd7 5.Bc4 Be7 6.O-O O-O 7.Re1 c6 8.a4 a5 
9.h3 exd4 10.Qxd4 Nc5 11.Bf4 Be6 12.Rad1 Qb6 13.Bxe6 fxe6 14.Bxd6 Bxd6 15.
Qxd6 Rad8 16.Qe7 Rde8 17.Qd6 Rd8 18.Qe7 1/2-1/2

[Event "15th Vidmar Memorial"]
[Site "Terme Zrece SLO"]
[Date "2003.08.24"]
[Round "7"]
[White "Borisek, Jure"]
[Black "Lenic, Luka"]
[Result "1/2-1/2"]
[WhiteElo "2443"]
[BlackElo "2386"]
[EventDate "2003.08.17"]
[PlyCount "26"]

1.e4 c5 2.Nf3 Nc6 3.d4 cxd4 4.Nxd4 e5 5.Nb5 d6 6.c4 Be7 7.N1c3 a6 8.Na3 
Nf6 9.Bd3 O-O 10.O-O Nd4 11.Nd5 Nxd5 12.cxd5 Bd7 13.Nc2 Nxc2 1/2-1/2

[Event "15th Vidmar Memorial"]
[Site "Terme Zrece SLO"]
[Date "2003.08.24"]
[Round "7"]
[White "Mitkov, Nikola"]
[Black "Mihaljcisin, Adrijan"]
[Result "1-0"]
[WhiteElo "2552"]
[BlackElo "2518"]
[EventDate "2003.08.17"]
[PlyCount "75"]

1.e4 e5 2.Bc4 Nf6 3.d3 c6 4.Bb3 d5 5.Nf3 Bd6 6.exd5 Nxd5 7.O-O O-O 8.Re1 
Bg4 9.h3 Bxf3 10.Qxf3 Nb6 11.Nd2 N8d7 12.Ne4 Be7 13.Bd2 a5 14.a3 Qc7 15.
Rad1 a4 16.Ba2 Rae8 17.Ng3 Nc8 18.Qg4 b5 19.Nf5 g6 20.Nxe7+ Nxe7 21.Bh6 
Nf5 22.Bxf8 Rxf8 23.c3 c5 24.Qe2 Qb6 25.Bb1 Nd6 26.d4 exd4 27.cxd4 c4 28.
Qe7 Rd8 29.h4 h5 30.Re3 Nf8 31.Qe5 Ne8 32.Rf3 Nh7 33.d5 Nhf6 34.d6 Ng4 35.
Qe7 Nxd6 36.g3 Qb8 37.Bc2 Kh8 38.Rf4 1-0

[Event "15th Vidmar Memorial"]
[Site "Terme Zrece SLO"]
[Date "2003.08.25"]
[Round "8"]
[White "Lenic, Luka"]
[Black "Mitkov, Nikola"]
[Result "0-1"]
[WhiteElo "2386"]
[BlackElo "2552"]
[EventDate "2003.08.17"]
[PlyCount "168"]

1.e4 e5 2.Nc3 Nf6 3.Bc4 Nc6 4.d3 Bc5 5.Bg5 h6 6.Be3 Bxe3 7.fxe3 Na5 8.Bb3 
Nxb3 9.axb3 d5 10.exd5 Nxd5 11.Nf3 O-O 12.Nxd5 Qxd5 13.e4 Qc5 14.Qe2 f5 
15.exf5 Bxf5 16.O-O-O Rae8 17.Nd2 a5 18.Ne4 Qc6 19.Nc3 b5 20.Rhf1 b4 21.
Na4 e4 22.d4 e3 23.Nc5 Qg6 24.h3 Kh7 25.Rde1 Qd6 26.Rd1 Bg6 27.Rxf8 Qxf8 
28.Nd3 Bxd3 29.Qxd3+ Kh8 30.Re1 Qf2 31.Re2 Qf1+ 32.Qd1 Qf5 33.Qd3 Qf1+ 34.
Qd1 Qf4 35.Qd3 Re4 36.c3 Re8 37.Kc2 Qf7 38.Qc4 Qf5+ 39.Qd3 Qf7 40.Qc4 Qe7 
41.Qb5 Qe4+ 42.Qd3 Qe6 43.Qc4 Qg6+ 44.Qd3 Qg5 45.c4 Qf4 46.d5 Re4 47.Kb1 
Re8 48.Ka2 Qe5 49.Kb1 Qf4 50.Ka2 Re4 51.Kb1 h5 52.Ka2 Kg8 53.Kb1 Kf7 54.
Ka2 Kf6 55.Re1 Kg5 56.Re2 g6 57.Kb1 Re5 58.Ka2 Qe4 59.Qd1 Kh6 60.Qe1 Re7 
61.Qb1 Qd4 62.Qf1 Kg7 63.Qb1 Kh7 64.Qc2 Re8 65.Re1 Kh6 66.Rd1 Qf4 67.Re1 
Qe5 68.Re2 Qd4 69.Re1 Qe5 70.Re2 Kg5 71.Kb1 Qd4 72.Re1 Re5 73.Ka2 Re7 74.
Ka1 Rf7 75.Qc1 Re7 76.Qc2 Re5 77.Re2 Rf5 78.Ka2 Rf2 79.Kb1 a4 80.Ka2 a3 
81.c5 Rxe2 82.Qxe2 Qxb2+ 83.Qxb2 axb2 84.h4+ Kf6 0-1

[Event "15th Vidmar Memorial"]
[Site "Terme Zrece SLO"]
[Date "2003.08.25"]
[Round "8"]
[White "Mihaljcisin, Adrijan"]
[Black "Halkias, Stelios"]
[Result "1/2-1/2"]
[WhiteElo "2518"]
[BlackElo "2560"]
[EventDate "2003.08.17"]
[PlyCount "75"]

1.Nf3 d5 2.d4 e6 3.c4 c5 4.cxd5 exd5 5.g3 Nf6 6.Bg2 Be7 7.O-O O-O 8.Nc3 
Nc6 9.dxc5 Bxc5 10.a3 Be6 11.b4 Be7 12.Bb2 Qd7 13.Rc1 Rac8 14.e3 Rfd8 15.
Ne2 Ne4 16.Nf4 a6 17.Qe2 Bd6 18.Rfd1 Bxf4 19.exf4 Bg4 20.Qd3 f5 21.Re1 
Bxf3 22.Bxf3 Qc7 23.Re2 Qb6 24.Kg2 Ne7 25.Rec2 Rxc2 26.Rxc2 Nc6 27.Qe3 
Qxe3 28.fxe3 Kf7 29.Be2 Ne7 30.g4 g6 31.Bd4 Rc8 32.Rxc8 Nxc8 33.gxf5 gxf5 
34.a4 Ne7 35.b5 axb5 36.Bxb5 Ke6 37.Kh3 Nc8 38.Kh4 1/2-1/2

[Event "15th Vidmar Memorial"]
[Site "Terme Zrece SLO"]
[Date "2003.08.25"]
[Round "8"]
[White "Sermek, Drazen"]
[Black "Sedlak, Nikola"]
[Result "1/2-1/2"]
[WhiteElo "2577"]
[BlackElo "2528"]
[EventDate "2003.08.17"]
[PlyCount "46"]

1.e4 c5 2.c3 d5 3.exd5 Qxd5 4.d4 Nf6 5.Nf3 e6 6.Na3 a6 7.Nc4 Nbd7 8.Be2 
cxd4 9.Nxd4 Bc5 10.O-O O-O 11.Nb3 Be7 12.Qxd5 Nxd5 13.Bf3 b5 14.Ne3 Bb7 
15.Bxd5 Bxd5 16.Nxd5 exd5 17.Re1 Bf6 18.Be3 b4 19.cxb4 Bxb2 20.Rab1 Bc3 
21.Red1 Bxb4 22.Rxd5 Nf6 23.Rd4 a5 1/2-1/2

[Event "15th Vidmar Memorial"]
[Site "Terme Zrece SLO"]
[Date "2003.08.26"]
[Round "9"]
[White "Sedlak, Nikola"]
[Black "Mihaljcisin, Adrijan"]
[Result "1/2-1/2"]
[WhiteElo "2528"]
[BlackElo "2518"]
[EventDate "2003.08.17"]
[PlyCount "22"]

1.e4 c6 2.d4 d5 3.exd5 cxd5 4.Bd3 Nf6 5.c3 Nc6 6.Nf3 g6 7.Bf4 Bg7 8.O-O 
O-O 9.h3 Bf5 10.Bxf5 gxf5 11.Nbd2 e6 1/2-1/2